SUPERMAN (Registro nro. 68756)

Detalles MARC
000 -CABECERA
campo de control de longitud fija 00990nam a22003257a 4500
003 - IDENTIFICADOR DEL NÚMERO DE CONTROL
campo de control BPGM
005 - FECHA Y HORA DE LA ÚLTIMA TRANSACCIÓN
campo de control 20260703223046.0
008 - DATOS DE LONGITUD FIJA--INFORMACIÓN GENERAL
campo de control de longitud fija 260703e2013 mx a|||ar|||| 00| 0 spa d
020 ## - NÚMERO INTERNACIONAL ESTÁNDAR DEL LIBRO
Número Internacional Estándar del Libro 978-607-404-951-0
040 ## - FUENTE DE LA CATALOGACIÓN
Lengua de catalogación spa
041 ## - CÓDIGO DE LENGUA
Código de lengua del texto/banda sonora o título independiente spa
Código de lengua original eng
082 04 - NÚMERO DE LA CLASIFICACIÓN DECIMAL DEWEY
Número de edición 1a.
Número de clasificación I / 793.73 /
Número de documento/Ítem S86
110 ## - ENTRADA PRINCIPAL--NOMBRE DE ENTIDAD CORPORATIVA
Nombre de entidad corporativa o nombre de jurisdicción como elemento de entrada DC COMICS
245 ## - MENCIÓN DE TÍTULO
Título SUPERMAN
250 ## - MENCIÓN DE EDICIÓN
Mención de edición 1a.
Resto de la mención de edición 2015
260 ## - PUBLICACIÓN, DISTRIBUCIÓN, ETC.
Lugar de publicación, distribución, etc. México
Nombre del editor, distribuidor, etc. Silver Dolphin Infantil
Fecha de publicación, distribución, etc. 2015
300 ## - DESCRIPCIÓN FÍSICA
Extensión 12 Paginas
Dimensiones 25.5 cm. x 25.9 cm.
336 ## - TIPO DE CONTENIDO
Fuente rdacontent
Término de tipo de contenido texto
Código de tipo de contenido txt
337 ## - TIPO DE MEDIO
Fuente rdamedia
Nombre/término del tipo de medio sin mediación
Código del tipo de medio n
338 ## - TIPO DE SOPORTE
Fuente rdacarrier
Nombre/término del tipo de soporte volumen
Código del tipo de soporte nc
490 0# - MENCIÓN DE SERIE
Mención de serie MI PRIMER LIBRO DE ROMECABEZAS
505 ## - NOTA DE CONTENIDO CON FORMATO
Nota de contenido con formato JUEGOS DE INGENIO
505 ## - NOTA DE CONTENIDO CON FORMATO
Nota de contenido con formato LITERATURA INFANTIL
505 ## - NOTA DE CONTENIDO CON FORMATO
Nota de contenido con formato ROMPECABEZAS INFANTIL
650 ## - PUNTO DE ACCESO ADICIONAL DE MATERIA--TÉRMINO DE MATERIA
Fuente del encabezamiento o término LAS ARTES. BELLAS ARTES Y ARTES DECORATIVAS
650 ## - PUNTO DE ACCESO ADICIONAL DE MATERIA--TÉRMINO DE MATERIA
Fuente del encabezamiento o término ARTES RECREATIVAS Y DE LA ACTUALIZACIÓN
650 ## - PUNTO DE ACCESO ADICIONAL DE MATERIA--TÉRMINO DE MATERIA
Fuente del encabezamiento o término JUEGOS Y DIVERCIONES BAJO TECHO
700 ## - PUNTO DE ACCESO ADICIONAL--NOMBRE DE PERSONA
Nombre de persona PUENTE, ELIZABETH
Término indicativo de función/relación TRADUCCION
942 ## - ELEMENTOS DE PUNTO DE ACCESO ADICIONAL (KOHA)
Fuente del sistema de clasificación o colocación Dewey Decimal Classification
Tipo de ítem Koha General Infantil
Existencias
Estado de retiro Estado de pérdida Fuente del sistema de clasificación o colocación Estado dañado No para préstamo Localización permanente Ubicación/localización actual Fecha de adquisición Total de préstamos Signatura topográfica completa Fecha visto por última vez Número de copia Precio válido a partir de Tipo de ítem Koha
    Dewey Decimal Classification     BIBLIOTECA PÚBLICA CENTRAL ESTATAL “FRANCISCO CERVANTES” BIBLIOTECA PÚBLICA CENTRAL ESTATAL “FRANCISCO CERVANTES” 07/03/2026   I / 793.73 / S86 07/03/2026 EJ 1 07/03/2026 General Infantil